| 000 | 00846nam a2200241 i 4500 | ||
|---|---|---|---|
| 001 | bg | ||
| 100 | 1 | _aURBANOWSKA-SOJKIN, Elżbieta | |
| 245 | 0 |
_aZarządzanie strategiczne przedsiębiorstwem / _cElżbieta Urbanowska-Sojkin, Piotr Banaszyk, Hubert Witczak. |
|
| 260 |
_aWarszawa : _bPolskie Wydawnictwo Ekonomiczne, _ccop. 2007. |
||
| 300 |
_a346 s. : _brys., wykr. ; _c24 cm. |
||
| 504 | _aBibliogr. - Indeks. | ||
| 650 | 9 |
_aZarządzanie strategiczne _xpodręcznik akademicki |
|
| 700 | 1 | _aBANASZAK, Piotr | |
| 700 | 1 | _aWITCZAK, Hubert | |
| 020 | _a9788321017102 | ||
| 040 | _cBPK | ||
| 041 | 0 | _apol | |
| 080 | _a658.1/.5:005.2(075.8) | ||
| 920 | _a978-83-210-1710-2 | ||
| 942 | _cKS | ||
| 008 | s pl f |000 0 pol | ||
| 999 |
_c53451 _d53451 |
||
| 856 |
_uhttp://koha.tu.koszalin.pl/cgi-bin/koha/opac-detail.pl?biblionumber=53451 _yKatalog online BPK |
||